| 000 | 00882nam a22002297a 4500 | ||
|---|---|---|---|
| 999 |
_c132 _d132 |
||
| 003 | AR-CdUCM | ||
| 008 | 190221b ||||| |||| 00| 0 spa d | ||
| 040 |
_aMUNICIPALIDAD PROVINCIAL DEL CUSCO _cBIBLIOTECA MUNICIPAL DEL CUSCO |
||
| 082 |
_a 808.8 / _bG70 |
||
| 100 |
_aGonzalez Prada, Manuel _9638 |
||
| 245 | _aHoras de Lucha | ||
| 260 |
_aLima : _bEmpresa Periodística Visión Peruana S.A , _c1988. |
||
| 300 |
_a125 paginas ; _c20 cm. |
||
| 440 |
_aColección de Autores Peruanos _n3 _9639 |
||
| 505 | _aLos partidos y la unión nacional -- Librepensamiento de acción -- El intelectual y el obrero -- Las esclavas de la iglesia -- Nuestro periodismo -- Nuestros conservadores ... | ||
| 650 |
_aSocialismo _9640 |
||
| 650 |
_aHumanidades _9641 |
||
| 650 |
_aUnión Nacional _9642 |
||
| 650 |
_aPartido Liberal _9643 |
||
| 942 |
_2ddc _cLIBROS |
||
| 945 |
_aacv _d2019-02-21 |
||